000 00291nam a2200121Ia 4500
008 220216s9999 xx 000 0 und d
100 _aSebastian C
245 0 _aNadeel aayasarahithamaakki kapputhaikal
260 _bRubber
_c2015
300 _a7-Jun
650 _aRoot trainer
942 _cJS
999 _c63370
_d63370